<?xml version="1.0" encoding="UTF-8"?><?xml-stylesheet type="text/xsl" href="static/style.xsl"?><OAI-PMH xmlns="http://www.openarchives.org/OAI/2.0/" xmlns:xsi="http://www.w3.org/2001/XMLSchema-instance" xsi:schemaLocation="http://www.openarchives.org/OAI/2.0/ http://www.openarchives.org/OAI/2.0/OAI-PMH.xsd"><responseDate>2026-04-14T05:52:38Z</responseDate><request verb="GetRecord" identifier="oai:www.recercat.cat:2445/180669" metadataPrefix="marc">https://recercat.cat/oai/request</request><GetRecord><record><header><identifier>oai:recercat.cat:2445/180669</identifier><datestamp>2025-12-05T05:37:23Z</datestamp><setSpec>com_2072_1057</setSpec><setSpec>col_2072_478857</setSpec><setSpec>col_2072_478901</setSpec><setSpec>col_2072_478917</setSpec></header><metadata><record xmlns="http://www.loc.gov/MARC21/slim" xmlns:dcterms="http://purl.org/dc/terms/" xmlns:xsi="http://www.w3.org/2001/XMLSchema-instance" xmlns:doc="http://www.lyncode.com/xoai" xsi:schemaLocation="http://www.loc.gov/MARC21/slim http://www.loc.gov/standards/marcxml/schema/MARC21slim.xsd">
   <leader>00925njm 22002777a 4500</leader>
   <datafield ind2=" " ind1=" " tag="042">
      <subfield code="a">dc</subfield>
   </datafield>
   <datafield ind2=" " ind1=" " tag="720">
      <subfield code="a">Domingo, Inés</subfield>
      <subfield code="e">author</subfield>
   </datafield>
   <datafield ind2=" " ind1=" " tag="720">
      <subfield code="a">Gallinaro, M.</subfield>
      <subfield code="e">author</subfield>
   </datafield>
   <datafield ind2=" " ind1=" " tag="260">
      <subfield code="c">2021-10-19T18:08:33Z</subfield>
   </datafield>
   <datafield ind2=" " ind1=" " tag="260">
      <subfield code="c">2023-12-31T06:10:18Z</subfield>
   </datafield>
   <datafield ind2=" " ind1=" " tag="260">
      <subfield code="c">2021</subfield>
   </datafield>
   <datafield ind2=" " ind1=" " tag="260">
      <subfield code="c">2021-10-19T18:08:34Z</subfield>
   </datafield>
   <datafield ind2=" " ind1=" " tag="520">
      <subfield code="a">Rock art is one of the most fascinating and widespread cultural expression in human history, constituting a unique, special and significant visual archive of past and present societies, their environments and landscapes, their material culture and their practices, as well as their symbolic worlds. This cultural form of non-verbal communication has been used by many generations of artists and their counterparts to exchange information about the natural, the cultural and the symbolic worlds, offering a more permanent platform for sharing messages and experiences than oral communication (Domingo, 2020). Rock art has an extensive global presence, and shows a significant variability in terms of chronologies, techniques, subject matters and geo-cultural contexts, with iconic and world-renowned sites (like Altamira in Spain, Chauvet in France or Cueva de las Manos in Argentina) and concentration of sites (like Levantine rock art in Spain, Valcamonica in Italy, Tassili n'Ajjer and Tadrart Acacus rock art sites in north Africa, Kakadu National park rock art in Australia, Mountain Huashan in China, to name a few).</subfield>
   </datafield>
   <datafield tag="653" ind2=" " ind1=" ">
      <subfield code="a">Art prehistòric</subfield>
   </datafield>
   <datafield tag="653" ind2=" " ind1=" ">
      <subfield code="a">Recerca</subfield>
   </datafield>
   <datafield tag="653" ind2=" " ind1=" ">
      <subfield code="a">Prehistoric art</subfield>
   </datafield>
   <datafield tag="653" ind2=" " ind1=" ">
      <subfield code="a">Research</subfield>
   </datafield>
   <datafield ind2="0" ind1="0" tag="245">
      <subfield code="a">Impacts of scientific approaches on rock art research: Global perspectives. Editorial</subfield>
   </datafield>
</record></metadata></record></GetRecord></OAI-PMH>